NetWorker

Guardado en:
Detalles Bibliográficos
Formato: Seriadas
Publicado: 1999
Etiquetas: Agregar Etiqueta
Sin Etiquetas, Sea el primero en etiquetar este registro!

MARC

LEADER 00000nas a22000003a 4500
001 stu72247
005 20141121230638.8
008 011106s1999----------------------------d
040 |a STU  |b slo 
041 0
245 |a NetWorker 
260 |c 1999 
500 |a 4 
500 |a 1-4 
773 0 |t NetWorker :  |w stu_us_cat*stu72245  |x 1091-3556  |7 nnas 
996 |d Vol. 3, 1999  |v Vol. 3  |y 1999  |l EE0103  |s A  |a 24  |w stu72247_0001